[Event "Langley op"]
[Site "Langley CAN"]
[Date "2025.09.01"]
[Round "6.1"]
[White "Kaufman, Raymond"]
[Black "Doknjas, Neil"]
[Result "1/2-1/2"]
[WhiteElo "2302"]
[BlackElo "2381"]
[WhiteFideId "-1"]
[WhiteFideId "-1"]
[PlyCount "141"]
[GameId "2223040862765120"]
[EventDate "2025.08.30"]
[EventType "swiss"]
[EventRounds "6"]
[EventCountry "CAN"]

{[%evp 0,89,19,29,55,56,76,48,66,34,27,36,49,30,52,32,41,43,30,30,17,24,30,19,16,28,74,70,51,59,64,49,55,40,46,46,53,-9,21,20,24,-1,-5,3,-3,-3,6,6,12,21,24,27,30,17,23,0,0,0,7,0,0,4,0,-11,-4,-11,-24,-23,-7,-19,-23,-39,-39,-67,-23,-22,-9,-19,-19,-19,0,-29,-19,-15,-17,-17,-17,-21,-21,-56,0,0]} 1. Nf3 c5 2. e4 d6 3. d4 cxd4 4. Nxd4 Nf6 5. Nc3 Nc6 6. Bg5 Bd7 7. Qd2 a6 8. O-O-O e6 9. f3 Nxd4 10. Qxd4 Be7 11. g4 h5 12. gxh5 Nxh5 13. Bxe7 Qxe7 14. Rg1 Bc6 15. Qxd6 Qxd6 16. Rxd6 Ke7 17. Rd2 Nf4 18. Bd3 Rh3 19. Rg3 Rah8 20. Rxh3 Rxh3 21. Rf2 g5 22. Kd2 Ng6 23. Ne2 Ne5 24. Nd4 Bd7 25. Bf1 Rh4 26. Ke3 f5 27. exf5 exf5 28. c4 Kf6 29. b4 Rh8 30. c5 Ba4 31. Kd2 Nc6 32. Nxc6 Bxc6 33. Ke3 Re8+ 34. Kd4 Rd8+ 35. Kc3 Ke5 36. Kb3 Rd1 37. Kc2 Ba4+ 38. Kc3 Kf4 39. Bd3 Bc6 40. Bc2 Rc1 41. Kd4 Ra1 42. Bd3 Rd1 43. Kc3 Re1 44. Kd2 Re3 45. Bxf5 Ra3 46. Be6 a5 47. Bb3 axb4 48. Kd3 Bd5 49. Rb2 Kxf3 50. Kd4 Bxb3 51. axb3 Ra1 52. Kc4 Rg1 53. Kxb4 Rg2 54. Kc3 Rg4 55. b4 Rh4 56. b5 g4 57. Rd2 Ke3 58. Rd7 Rxh2 59. Rxb7 Rh5 60. c6 g3 61. c7 Rc5+ 62. Kb4 g2 63. Kxc5 g1=Q 64. Rb8 Kd3+ 65. Kc6 Qg6+ 66. Kb7 Qe4+ 67. Ka7 Qa4+ 68. Kb6 Qd4+ 69. Kb7 Qe4+ 70. Ka7 Qa4+ 71. Kb6 1/2-1/2

[Event "Langley op"]
[Site "Langley CAN"]
[Date "2025.09.01"]
[Round "6.2"]
[White "Chen, Zhengyu"]
[Black "Chen, Yidong"]
[Result "0-1"]
[WhiteElo "2078"]
[BlackElo "2294"]
[WhiteFideId "-1"]
[WhiteFideId "-1"]
[PlyCount "56"]
[GameId "2223040862773313"]
[EventDate "2025.08.30"]
[EventType "swiss"]
[EventRounds "6"]
[EventCountry "CAN"]

1. Nf3 c5 2. g3 Nc6 3. Bg2 g6 4. O-O Bg7 5. c4 e5 6. Nc3 Nge7 7. d3 d6 8. a3 h6 9. Rb1 a5 10. Bd2 Be6 11. Qc1 g5 12. Nb5 Rc8 13. b4 axb4 14. axb4 b6 15. Ne1 Ng6 16. e4 Nd4 17. Nxd4 cxd4 18. f4 exf4 19. gxf4 gxf4 20. Bxf4 Be5 21. Bg3 h5 22. Nf3 h4 23. Bxe5 dxe5 24. h3 Nf4 25. Kh2 Nxd3 26. Qd2 Bxc4 27. Ng5 Nf4 28. Rxf4 Qxg5 0-1

[Event "Langley op"]
[Site "Langley CAN"]
[Date "2025.09.01"]
[Round "6.3"]
[White "Doknjas, John"]
[Black "Liu, Zachary"]
[Result "1-0"]
[WhiteElo "2416"]
[BlackElo "2235"]
[WhiteFideId "-1"]
[WhiteFideId "-1"]
[PlyCount "139"]
[GameId "2223040862773314"]
[EventDate "2025.08.30"]
[EventType "swiss"]
[EventRounds "6"]
[EventCountry "CAN"]

1. d4 d5 2. c4 c6 3. Nf3 Nf6 4. Qc2 g6 5. Bf4 Bg7 6. e3 Bf5 7. Qb3 Qb6 8. Nc3 Qxb3 9. axb3 O-O 10. h3 h6 11. g4 Bc2 12. b4 g5 13. Bh2 Nbd7 14. Rg1 Rfe8 15. b5 Bh7 16. bxc6 bxc6 17. cxd5 Nxd5 18. Nxd5 cxd5 19. Bb5 Red8 20. Bc7 Rdc8 21. Rc1 Nf6 22. Ke2 a6 23. Bc6 Rab8 24. Bxb8 Rxb8 25. Rgd1 Rxb2+ 26. Rd2 Rb6 27. Ra2 e6 28. Ne5 Ne4 29. f3 Nd6 30. Nd7 Rb3 31. Nc5 Rb6 32. Na4 Rb3 33. Nc5 Rb6 34. Rxa6 Rb2+ 35. Kf1 Bg6 36. Bxd5 Nb5 37. Bc4 Nxd4 38. Ra8+ Kh7 39. exd4 Bxd4 40. Ra2 Rb6 41. Bd3 Bxd3+ 42. Nxd3 Rb7 43. Ke2 Bg7 44. Rac2 Kg6 45. Nc5 Ra7 46. Ne4 Ra4 47. Rh1 Rd4 48. h4 gxh4 49. Rxh4 Ra4 50. Rh1 Ra7 51. Rhc1 Rb7 52. Rc7 Rb2+ 53. R1c2 Rb4 54. Rd7 Be5 55. Nf2 Ra4 56. Nd3 Bf4 57. Nxf4+ Rxf4 58. Rcc7 Rf6 59. Ke3 Kg7 60. Ke4 Kg6 61. f4 Kg7 62. f5 h5 63. gxh5 Rxf5 64. h6+ Kxh6 65. Rxf7 Ra5 66. Rf1 Ra4+ 67. Ke5 Ra5+ 68. Kf6 Kh5 69. Rg7 Re5 70. Rh1# 1-0

[Event "Langley op"]
[Site "Langley CAN"]
[Date "2025.09.01"]
[Round "6.4"]
[White "Morozov, Grigorii"]
[Black "Gao, Justin"]
[Result "1-0"]
[WhiteElo "2400"]
[BlackElo "2200"]
[WhiteFideId "-1"]
[WhiteFideId "-1"]
[PlyCount "81"]
[GameId "2223040862777411"]
[EventDate "2025.08.30"]
[EventType "swiss"]
[EventRounds "6"]
[EventCountry "CAN"]

1. d4 Nf6 2. c4 e6 3. Nf3 d5 4. Nc3 Be7 5. Bg5 O-O 6. e3 b6 7. cxd5 Nxd5 8. Bxe7 Qxe7 9. Rc1 Nxc3 10. Rxc3 Bb7 11. Bd3 Rc8 12. Qc2 g6 13. O-O c6 14. Rc1 Rc7 15. Be4 Na6 16. a3 Rac8 17. Qa4 Qd6 18. h3 f6 19. b4 b5 20. Qb3 Qe7 21. Bb1 Kf7 22. Ne1 Rd8 23. Nd3 Nb8 24. Nc5 Bc8 25. Ba2 Rd6 26. Qd1 Kg7 27. Qf3 Rd8 28. Qe4 Rd6 29. h4 Qf7 30. Qf4 Qe7 31. Qg3 Qd8 32. Ne4 Rdd7 33. Bxe6 Re7 34. Bxc8 Rxe4 35. Bg4 Re8 36. h5 Rce7 37. hxg6 h6 38. Bd1 Qd5 39. Bb3 Qf5 40. Bf7 Rd8 41. Qh3 1-0

[Event "Langley op"]
[Site "Langley CAN"]
[Date "2025.09.01"]
[Round "6.5"]
[White "Koo, Minjun"]
[Black "Lu, Samuel"]
[Result "1-0"]
[WhiteElo "2011"]
[BlackElo "1862"]
[WhiteFideId "-1"]
[WhiteFideId "-1"]
[PlyCount "125"]
[GameId "2223040862785604"]
[EventDate "2025.08.30"]
[EventType "swiss"]
[EventRounds "6"]
[EventCountry "CAN"]

1. Nf3 d5 2. g3 Nf6 3. Bg2 c5 4. O-O Nc6 5. d4 e6 6. c4 dxc4 7. Ne5 Nxe5 8. dxe5 Qxd1 9. Rxd1 Nd7 10. Bf4 Be7 11. h4 h6 12. h5 Rb8 13. a4 Nb6 14. a5 Nd5 15. Bxd5 exd5 16. e6 Ra8 17. exf7+ Kxf7 18. Rxd5 Be6 19. Rd2 Rhd8 20. a6 b5 21. Nc3 Rxd2 22. Bxd2 b4 23. Nb5 c3 24. bxc3 Bc4 25. Ra5 Rb8 26. Nxa7 b3 27. Bc1 b2 28. Bxb2 Rxb2 29. Ra4 Bd5 30. e4 Ba8 31. Nc8 Rb8 32. Nxe7 Kxe7 33. a7 Rc8 34. f4 Bc6 35. Ra2 Ke6 36. Ra6 Kd7 37. e5 Ra8 38. f5 Kc7 39. c4 Kb7 40. Ra3 Kc7 41. Kf2 Be4 42. g4 Rd8 43. Ke3 Ba8 44. Rd3 Re8 45. Kf4 Bc6 46. Rd6 Ba8 47. Rd1 Bc6 48. e6 Ra8 49. Ra1 Kd6 50. Ra6 Rc8 51. Rb6 Ra8 52. Ra6 Rc8 53. g5 Rf8 54. gxh6 gxh6 55. e7 Kxe7 56. Rxc6 Ra8 57. Ra6 Kf7 58. f6 Kf8 59. Kf5 Kf7 60. Ra5 Kf8 61. Kg6 Kg8 62. Rb5 Rf8 63. Rb8 1-0

[Event "Laval op"]
[Site "Laval CAN"]
[Date "2025.06.20"]
[Round "1.1"]
[White "Rodrigue-Lemieux, Shawn"]
[Black "Pitre, Lucas"]
[Result "1-0"]
[WhiteElo "2626"]
[BlackElo "2031"]
[WhiteFideId "-1"]
[WhiteFideId "-1"]
[PlyCount "77"]
[GameId "2193771388348341"]
[EventDate "2025.06.19"]
[EventType "swiss"]
[EventRounds "5"]
[EventCountry "CAN"]

1. c4 d6 2. Nc3 e5 3. g3 f5 4. Bg2 Nf6 5. d3 c6 6. e4 Be7 7. Nge2 O-O 8. O-O a5 9. h3 Be6 10. exf5 Bxf5 11. d4 Nbd7 12. Be3 Qe8 13. g4 Bg6 14. f4 exd4 15. Nxd4 Bf7 16. Nf5 Bxc4 17. Re1 Qf7 18. Bf2 Rfe8 19. Rxe7 Rxe7 20. Nxd6 Be2 21. Nxe2 Qe6 22. Nc3 Nf8 23. Nf5 Rd7 24. Qf3 Qc4 25. g5 Ne8 26. Re1 Ng6 27. Re4 Qf7 28. Bf1 b5 29. h4 Rd2 30. Bh3 b4 31. Nh6+ gxh6 32. Be6 Qxe6 33. Rxe6 bxc3 34. Qxc3 Rd1+ 35. Kh2 hxg5 36. Qxc6 Nc7 37. Rxg6+ hxg6 38. Qxg6+ Kh8 39. Qh5+ 1-0

[Event "Laval op"]
[Site "Laval CAN"]
[Date "2025.06.20"]
[Round "1.2"]
[White "Robichaud, Louis"]
[Black "Chiku-Ratte, Olivier-Kenta"]
[Result "0-1"]
[WhiteElo "2022"]
[BlackElo "2419"]
[WhiteFideId "-1"]
[WhiteFideId "-1"]
[PlyCount "42"]
[GameId "2191308629532746"]
[EventDate "2025.06.19"]
[EventType "swiss"]
[EventRounds "5"]
[EventCountry "CAN"]

1. e4 e5 2. f4 d5 3. exd5 exf4 4. Nf3 Nf6 5. c4 Bd6 6. Be2 O-O 7. O-O b5 8. b3 bxc4 9. bxc4 c6 10. dxc6 Nxc6 11. d4 Bg4 12. Nc3 Rc8 13. Nb5 Bb8 14. Bb2 Re8 15. d5 Na5 16. Rc1 a6 17. Na3 Bd6 18. Nb1 Bc5+ 19. Kh1 Qb6 20. Rc2 Ne4 21. Ne5 Ng3+ 0-1

[Event "Laval op"]
[Site "Laval CAN"]
[Date "2025.06.20"]
[Round "1.3"]
[White "Zheng, Richard"]
[Black "Richard, Leo"]
[Result "1-0"]
[WhiteElo "2418"]
[BlackElo "2014"]
[WhiteFideId "-1"]
[WhiteFideId "-1"]
[PlyCount "91"]
[GameId "2191310192521384"]
[EventDate "2025.06.19"]
[EventType "swiss"]
[EventRounds "5"]
[EventCountry "CAN"]

1. d4 Nf6 2. Bg5 Ne4 3. Bf4 d5 4. e3 c5 5. Bd3 cxd4 6. Bxe4 dxe4 7. exd4 Nc6 8. c3 e5 9. dxe5 Qxd1+ 10. Kxd1 Bc5 11. Ke1 g5 12. Bg3 Bf5 13. Nd2 O-O-O 14. h4 Rhe8 15. Nc4 b5 16. Nd6+ Bxd6 17. exd6 Ne5 18. Bxe5 Rxe5 19. Rd1 gxh4 20. Rxh4 Rg8 21. g3 Bg4 22. Rd4 h5 23. Ne2 Kd7 24. Nf4 e3 25. Rd3 Rge8 26. Kf1 exf2 27. Rd2 Re3 28. Kxf2 Rf3+ 29. Kg2 Ree3 30. Nxh5 Bxh5 31. Rxh5 Rxg3+ 32. Kh2 a6 33. Rf5 Ref3 34. Rxf7+ Rxf7 35. Kxg3 Rf6 36. Kg2 Rf4 37. Rd4 Rf6 38. Kg3 Rf5 39. Kg2 Rf6 40. b3 Rf5 41. a4 Rc5 42. axb5 Rxc3 43. bxa6 Rxb3 44. Ra4 Rb8 45. a7 Ra8 46. Ra6 1-0

[Event "Laval op"]
[Site "Laval CAN"]
[Date "2025.06.20"]
[Round "1.4"]
[White "Desforges, Jean"]
[Black "Dukic, Zachary"]
[Result "0-1"]
[WhiteElo "2003"]
[BlackElo "2368"]
[WhiteFideId "-1"]
[WhiteFideId "-1"]
[PlyCount "120"]
[GameId "2191312065487024"]
[EventDate "2025.06.19"]
[EventType "swiss"]
[EventRounds "5"]
[EventCountry "CAN"]

1. d4 d6 2. e4 Nf6 3. Bd3 e5 4. c3 d5 5. dxe5 Nxe4 6. Bxe4 dxe4 7. Qxd8+ Kxd8 8. Bg5+ Ke8 9. Nd2 Bf5 10. Ne2 h6 11. Be3 Nd7 12. Ng3 Bh7 13. Ndxe4 Nxe5 14. O-O-O Rd8 15. Bd4 f6 16. Rhe1 Be7 17. f4 Nc6 18. Bc5 Rxd1+ 19. Rxd1 Bd8 20. Ba3 b6 21. c4 Ne7 22. b3 Nf5 23. Nxf5 Bxf5 24. Ng3 Bc8 25. Re1+ Kf7 26. Nf1 h5 27. Kd2 h4 28. h3 Rh5 29. Bb2 Rf5 30. Re4 g5 31. Ne3 Rxf4 32. Rxf4 gxf4 33. Nd5 f3 34. gxf3 Bxh3 35. Ke3 c6 36. Nf4 Bf5 37. Ne2 Bc7 38. Kf2 Bd3 39. Nc1 Bc2 40. Ne2 h3 41. Bc1 Bd1 42. Bf4 Bxf4 43. Nxf4 h2 44. Kg2 Bxf3+ 45. Kxh2 Be4 46. a3 c5 47. Kg3 a5 48. Kf2 Ke7 49. Ke3 f5 50. Kd2 Kd6 51. Ke3 Bc2 52. b4 cxb4 53. axb4 axb4 54. Nd5 Kc5 55. Kd2 Bb3 56. Ne3 f4 57. Nd5 f3 58. Nf6 Bxc4 59. Ne4+ Kd4 60. Nf2 b3 0-1

[Event "Laval op"]
[Site "Laval CAN"]
[Date "2025.06.20"]
[Round "1.5"]
[White "Zhu, Hong Rui"]
[Black "Di Matteo, Alessio"]
[Result "1/2-1/2"]
[WhiteElo "2329"]
[BlackElo "1996"]
[WhiteFideId "-1"]
[WhiteFideId "-1"]
[PlyCount "38"]
[GameId "2191318257217750"]
[EventDate "2025.06.19"]
[EventType "swiss"]
[EventRounds "5"]
[EventCountry "CAN"]

1. e4 c5 2. Ne2 Nc6 3. c4 Nf6 4. Nbc3 e6 5. d4 cxd4 6. Nxd4 Qc7 7. Be3 a6 8. Rc1 Be7 9. Be2 O-O 10. O-O Nxd4 11. Qxd4 d6 12. Bg5 e5 13. Qe3 Be6 14. Nd5 Bxd5 15. cxd5 Qd8 16. Bxf6 Bxf6 17. g3 Bg5 18. f4 Bf6 19. Rc2 Rc8 1/2-1/2

[Event "Laval op"]
[Site "Laval CAN"]
[Date "2025.06.20"]
[Round "1.6"]
[White "Sun, Jonathan"]
[Black "Batorshyn, Ilia"]
[Result "0-1"]
[WhiteElo "1977"]
[BlackElo "2323"]
[WhiteFideId "-1"]
[WhiteFideId "-1"]
[PlyCount "58"]
[GameId "2191318970478814"]
[EventDate "2025.06.19"]
[EventType "swiss"]
[EventRounds "5"]
[EventCountry "CAN"]

1. e4 c6 2. d4 d5 3. exd5 cxd5 4. c4 Nf6 5. Nc3 Nc6 6. Bg5 Ne4 7. Nxe4 dxe4 8. d5 Ne5 9. Qd4 Ng4 10. Qxe4 Qb6 11. Qe2 e5 12. a3 Bc5 13. Bh4 Qa5+ 14. Kd1 Bf5 15. h3 Qa4+ 16. Kc1 Ne3 17. Nf3 O-O 18. Bg5 Nc2 19. Nh4 Nd4 20. Nxf5 Nxe2+ 21. Bxe2 Rfc8 22. Kd2 Qb3 23. Rab1 Bb6 24. Ne7+ Kf8 25. Nxc8 Ba5+ 26. Kc1 Rxc8 27. Bd2 Bb6 28. Bb4+ Kg8 29. Rf1 Bxf2 0-1

[Event "Laval op"]
[Site "Laval CAN"]
[Date "2025.06.20"]
[Round "1.7"]
[White "Guillemette, Hugo"]
[Black "Filion, Samuel"]
[Result "1-0"]
[WhiteElo "2312"]
[BlackElo "1975"]
[WhiteFideId "-1"]
[WhiteFideId "-1"]
[PlyCount "107"]
[GameId "2191322951676420"]
[EventDate "2025.06.19"]
[EventType "swiss"]
[EventRounds "5"]
[EventCountry "CAN"]

1. d4 d5 2. c4 e6 3. Nf3 Nf6 4. g3 Be7 5. Bg2 O-O 6. O-O dxc4 7. Qc2 a6 8. a4 Bd7 9. Qxc4 Bc6 10. Bf4 Bd6 11. Bxd6 cxd6 12. Nc3 Nbd7 13. Qd3 d5 14. b4 b6 15. Rfc1 Ne4 16. Nd2 Nxd2 17. Qxd2 Nf6 18. Qb2 Qd7 19. e3 Rfc8 20. Bf1 Bb7 21. Bd3 Rc7 22. Ne2 Rac8 23. a5 b5 24. Rc5 Qd6 25. Rac1 Nd7 26. Bxh7+ Kh8 27. Rxc7 Rxc7 28. Bb1 Rc4 29. Rxc4 dxc4 30. e4 f5 31. f3 fxe4 32. Bxe4 Bd5 33. Qc3 Qc6 34. Bxd5 Qxd5 35. Qe3 Qd6 36. Nf4 Qxb4 37. Qxe6 Qb1+ 38. Kf2 Qb2+ 39. Ne2 Nf6 40. Qc8+ Kh7 41. Qf5+ Kg8 42. g4 Qd2 43. g5 Qxa5 44. gxf6 gxf6 45. Qg6+ Kf8 46. Qxf6+ Ke8 47. h4 Kd7 48. h5 b4 49. h6 b3 50. h7 b2 51. Qf7+ Kc6 52. h8=Q b1=Q 53. Qc8+ Kb5 54. Qfxc4+ 1-0

[Event "Laval op"]
[Site "Laval CAN"]
[Date "2025.06.20"]
[Round "1.8"]
[White "Ali, Nehad"]
[Black "Masse, Hugues"]
[Result "1/2-1/2"]
[WhiteElo "1968"]
[BlackElo "2259"]
[WhiteFideId "-1"]
[WhiteFideId "-1"]
[PlyCount "30"]
[GameId "2191521396687414"]
[EventDate "2025.06.19"]
[EventType "swiss"]
[EventRounds "5"]
[EventCountry "CAN"]

1. d4 Nf6 2. c4 e6 3. Nc3 Bb4 4. Bd2 O-O 5. a3 Bxc3 6. Bxc3 Ne4 7. Qc2 d5 8. e3 Nxc3 9. Qxc3 Nd7 10. Nf3 c6 11. Be2 Qe7 12. O-O dxc4 13. Bxc4 b6 14. b4 Bb7 15. Be2 c5 1/2-1/2

[Event "Laval op"]
[Site "Laval CAN"]
[Date "2025.06.20"]
[Round "1.10"]
[White "Hu, Raymond"]
[Black "Nassar, Marc"]
[Result "0-1"]
[WhiteElo "1944"]
[BlackElo "2187"]
[WhiteFideId "-1"]
[WhiteFideId "-1"]
[PlyCount "60"]
[GameId "2191522533061182"]
[EventDate "2025.06.19"]
[EventType "swiss"]
[EventRounds "5"]
[EventCountry "CAN"]

1. e4 c5 2. Nf3 e6 3. d4 cxd4 4. Nxd4 Nf6 5. Nc3 Nc6 6. Bg5 Bb4 7. Ndb5 O-O 8. a3 Be7 9. Nd6 Qa5 10. Nxc8 Qxg5 11. Nxe7+ Nxe7 12. Qd6 Nc8 13. Qd4 d5 14. e5 Nd7 15. f4 Qd8 16. O-O-O Ne7 17. g4 Nc6 18. Qf2 Rc8 19. g5 Nb6 20. h4 Na5 21. h5 Rxc3 22. bxc3 Qe7 23. Kd2 Qxa3 24. Bd3 Nac4+ 25. Ke2 Qxc3 26. g6 fxg6 27. hxg6 h6 28. Rxh6 gxh6 29. Qh4 Qd4 30. Bxc4 Qe4+ 0-1

[Event "Laval op"]
[Site "Laval CAN"]
[Date "2025.06.20"]
[Round "1.11"]
[White "Genzling, Jerome"]
[Black "Bain-Thouverez, Aurelien"]
[Result "0-1"]
[WhiteElo "2182"]
[BlackElo "1938"]
[WhiteFideId "-1"]
[WhiteFideId "-1"]
[PlyCount "58"]
[GameId "2191524644344390"]
[EventDate "2025.06.19"]
[EventType "swiss"]
[EventRounds "5"]
[EventCountry "CAN"]

1. e4 Nf6 2. e5 Nd5 3. c4 Nb6 4. d4 d6 5. exd6 cxd6 6. Nc3 g6 7. Be3 Bg7 8. Rc1 O-O 9. b3 Nc6 10. Nge2 d5 11. c5 Nd7 12. Ng3 e5 13. dxe5 d4 14. Bxd4 Nxd4 15. Qxd4 Bxe5 16. Qb4 a5 17. Qc4 b6 18. Qd5 Qg5 19. Kd1 Nxc5 20. Nce4 Rd8 21. Nxg5 Rxd5+ 22. Kc2 Bxg3 23. hxg3 Rxg5 24. Rd1 Ba6 25. Rd6 Re5 26. Rxb6 Re1 27. Rc6 Bxf1 28. Kd2 Bxg2 29. Kxe1 Bxc6 0-1

[Event "Laval op"]
[Site "Laval CAN"]
[Date "2025.06.20"]
[Round "1.12"]
[White "Dufresne, Christophe"]
[Black "Berube, Antoine"]
[Result "1/2-1/2"]
[WhiteElo "1911"]
[BlackElo "2172"]
[WhiteFideId "-1"]
[WhiteFideId "-1"]
[PlyCount "140"]
[GameId "2191526569620046"]
[EventDate "2025.06.19"]
[EventType "swiss"]
[EventRounds "5"]
[EventCountry "CAN"]

1. e4 c5 2. d4 cxd4 3. Qxd4 Nc6 4. Qd3 Nf6 5. Nc3 d6 6. Nf3 g6 7. Be2 Bg7 8. O-O O-O 9. Nd5 Bg4 10. c3 Nd7 11. Bg5 f6 12. Be3 Nde5 13. Nxe5 Bxe2 14. Nxc6 Bxd3 15. Nxd8 Rfxd8 16. Rfe1 Kf7 17. f3 e6 18. Nb4 Bb5 19. Rad1 a5 20. Nc2 f5 21. Bb6 Rd7 22. Na3 Ba4 23. Rd2 Ra6 24. Nc4 d5 25. exd5 exd5 26. Bc5 Rc6 27. Nb6 Rxc5 28. Nxa4 Rc6 29. c4 d4 30. Rd3 Re7 31. Rxe7+ Kxe7 32. b3 Bh6 33. Kf1 Be3 34. Nc3 f4 35. Ne4 Ke6 36. a4 Kf5 37. g4+ fxg3 38. hxg3 h5 39. Kg2 g5 40. Nc3 Re6 41. Nb5 Ke5 42. Nc7 Rh6 43. Nd5 h4 44. Nxe3 dxe3 45. Rxe3+ Kd4 46. Re4+ Kc3 47. Re3+ Kd4 48. Re4+ Kc3 49. Re5 Kxb3 50. Rxa5 Kxc4 51. Rxg5 hxg3 52. Kxg3 b6 53. Rb5 Kd4 54. Kg4 Ke3 55. Rb3+ Kd4 56. f4 Kc5 57. Kg5 Rh1 58. Rb5+ Kc6 59. f5 Rg1+ 60. Kf4 Rf1+ 61. Ke4 Re1+ 62. Kd4 Rd1+ 63. Kc3 Rc1+ 64. Kb2 Rf1 65. Re5 Kd6 66. Re6+ Kd7 67. Re5 Kd6 68. Rb5 Kc6 69. Kc3 Rf4 70. Kb3 Rf3+ 1/2-1/2

[Event "Laval op"]
[Site "Laval CAN"]
[Date "2025.06.20"]
[Round "1.13"]
[White "St-Germain, Jack"]
[Black "Barrera, Eduardo"]
[Result "1-0"]
[WhiteElo "2149"]
[BlackElo "1901"]
[WhiteFideId "-1"]
[WhiteFideId "-1"]
[PlyCount "70"]
[GameId "2191529065431638"]
[EventDate "2025.06.19"]
[EventType "swiss"]
[EventRounds "5"]
[EventCountry "CAN"]

1. Nf3 e6 2. g3 d5 3. d4 Nf6 4. Bg2 Be7 5. O-O O-O 6. c4 dxc4 7. Qc2 c6 8. Qxc4 b5 9. Qc2 Bb7 10. Rd1 Nbd7 11. Nc3 Qb6 12. e4 Rac8 13. Be3 Qa5 14. a3 Rfd8 15. b4 Qc7 16. e5 Nd5 17. Bg5 N7b6 18. Ne4 Na4 19. Nd6 Ra8 20. Bxe7 Qxe7 21. Ng5 Qxg5 22. Nxb7 Rd7 23. Nd6 Rb8 24. Bxd5 cxd5 25. Nxb5 Rxb5 26. Qxa4 Rdb7 27. Rac1 Qd8 28. Rc5 Qb8 29. Rdc1 Rxc5 30. Rxc5 Qa8 31. h4 h5 32. Qc2 Rb8 33. Rc7 a5 34. b5 a4 35. b6 g6 1-0

[Event "Laval op"]
[Site "Laval CAN"]
[Date "2025.06.20"]
[Round "1.14"]
[White "Vaillant, Charles-Etienne"]
[Black "Berube, Maximilien"]
[Result "0-1"]
[WhiteElo "1899"]
[BlackElo "2144"]
[WhiteFideId "-1"]
[WhiteFideId "-1"]
[PlyCount "68"]
[GameId "2191530343686750"]
[EventDate "2025.06.19"]
[EventType "swiss"]
[EventRounds "5"]
[EventCountry "CAN"]

1. c4 e6 2. Nf3 d5 3. e3 Nf6 4. Nc3 Be7 5. b3 O-O 6. Bb2 c5 7. cxd5 exd5 8. d4 b6 9. Rc1 Bb7 10. Bd3 Nbd7 11. O-O Re8 12. Ne5 Nxe5 13. dxe5 Ne4 14. Qc2 f5 15. Ne2 g6 16. f3 Ng5 17. h4 Ne6 18. h5 Bf8 19. f4 Rc8 20. hxg6 hxg6 21. Qd2 Rc7 22. Qe1 Rg7 23. Ng3 Be7 24. Bxf5 gxf5 25. Nxf5 Rh7 26. Qg3+ Kh8 27. Nxe7 Qxe7 28. f5 Rg8 29. Qf2 d4 30. f6 Qf7 31. Rc2 Qh5 32. Qf5 Qh2+ 33. Kf2 Rxg2+ 34. Ke1 Rxc2 0-1

[Event "Laval op"]
[Site "Laval CAN"]
[Date "2025.06.20"]
[Round "1.15"]
[White "Jiang, Barron Jiyu"]
[Black "Dube, Daniel"]
[Result "1-0"]
[WhiteElo "2137"]
[BlackElo "1896"]
[WhiteFideId "-1"]
[WhiteFideId "-1"]
[PlyCount "106"]
[GameId "2191531830813286"]
[EventDate "2025.06.19"]
[EventType "swiss"]
[EventRounds "5"]
[EventCountry "CAN"]

1. e4 d6 2. d4 Nf6 3. Nc3 e5 4. Nf3 Nbd7 5. Be3 exd4 6. Nxd4 g6 7. f3 Bg7 8. Qd2 O-O 9. g4 Ne5 10. Be2 a6 11. O-O-O c5 12. Nb3 c4 13. Na1 Ne8 14. h4 b5 15. Nd5 Bb7 16. h5 Bxd5 17. exd5 c3 18. Qxc3 Nxg4 19. Qb3 Nxe3 20. Qxe3 Qf6 21. c3 b4 22. hxg6 hxg6 23. Qd4 bxc3 24. bxc3 Qxd4 25. cxd4 Nf6 26. Nc2 Nxd5 27. Bc4 Nb6 28. Bb3 Rfe8 29. Rdg1 d5 30. Kd2 Rac8 31. Rg4 Nc4+ 32. Kd3 a5 33. Bxc4 Rxc4 34. Ne3 Ra4 35. Nxd5 Rxa2 36. Rc1 Ra3+ 37. Rc3 Rxc3+ 38. Nxc3 Ra8 39. Na4 Bf8 40. d5 Rb8 41. Rc4 Rb4 42. Nc3 Rxc4 43. Kxc4 f5 44. Kb5 Bb4 45. Na2 Kf8 46. Nxb4 axb4 47. Kxb4 Ke7 48. f4 Kd6 49. Kc4 Kd7 50. Kc5 Kc7 51. d6+ Kd7 52. Kd5 g5 53. fxg5 f4 1-0

[Event "Laval op"]
[Site "Laval CAN"]
[Date "2025.06.20"]
[Round "1.16"]
[White "Zhang, Yitian"]
[Black "Saine, Zachary"]
[Result "0-1"]
[WhiteElo "1892"]
[BlackElo "2132"]
[WhiteFideId "-1"]
[WhiteFideId "-1"]
[PlyCount "72"]
[GameId "2191554239251137"]
[EventDate "2025.06.19"]
[EventType "swiss"]
[EventRounds "5"]
[EventCountry "CAN"]

1. d4 Nf6 2. c4 e6 3. Nc3 Bb4 4. Qc2 d5 5. cxd5 Qxd5 6. Nf3 Qf5 7. Qxf5 exf5 8. Bd2 c6 9. e3 O-O 10. Bd3 h5 11. O-O Be6 12. Rfc1 Nbd7 13. a3 Bd6 14. Na4 Rfd8 15. Be2 Ne4 16. Be1 f4 17. Nc3 f5 18. Nxe4 fxe4 19. Nd2 Nf6 20. Nc4 Bc7 21. b4 Nd5 22. g3 g5 23. Bd2 Kh8 24. Na5 Rab8 25. Rab1 Rf8 26. Nb3 Rbe8 27. Nc5 Bc8 28. b5 b6 29. Nb3 cxb5 30. Bxb5 fxe3 31. fxe3 Rd8 32. Kg2 Bb8 33. h3 Rf3 34. Re1 Rxg3+ 35. Kh1 Rxh3+ 36. Kg2 Bg4 0-1

[Event "Laval op"]
[Site "Laval CAN"]
[Date "2025.06.20"]
[Round "1.17"]
[White "Mok, Yuen Tak"]
[Black "Wu, Ting En Ryan"]
[Result "1-0"]
[WhiteElo "2090"]
[BlackElo "1881"]
[WhiteFideId "-1"]
[WhiteFideId "-1"]
[PlyCount "85"]
[GameId "2191557363671753"]
[EventDate "2025.06.19"]
[EventType "swiss"]
[EventRounds "5"]
[EventCountry "CAN"]

1. c4 e5 2. Nc3 Nf6 3. g3 d5 4. cxd5 Nxd5 5. Bg2 Nb6 6. Nf3 Nc6 7. O-O Be7 8. d3 O-O 9. a3 Be6 10. b4 f6 11. Bb2 Nd4 12. Nxd4 exd4 13. Nb5 Bd7 14. Nxd4 Na4 15. Qb3+ Kh8 16. Bxb7 Rb8 17. Nc6 Bxc6 18. Bxc6 Nxb2 19. Qxb2 f5 20. Rac1 f4 21. Rc4 Bf6 22. Qc2 Be5 23. Qa4 Rb6 24. b5 Qg5 25. Kg2 h5 26. Bf3 Rg6 27. Rg1 Qf6 28. Qxa7 fxg3 29. hxg3 h4 30. Qe3 hxg3 31. Rh1+ Kg8 32. Bd5+ Rf7 33. f3 Qd6 34. Bxf7+ Kxf7 35. Rc6 Qe7 36. Rxg6 Kxg6 37. d4 c6 38. Qxe5 Qxa3 39. Qe6+ Kg5 40. f4+ Kxf4 41. Rh4+ Kg5 42. Rg4+ Kh5 43. Qg6# 1-0

[Event "Laval op"]
[Site "Laval CAN"]
[Date "2025.06.20"]
[Round "1.18"]
[White "Ivanov Yuan, Maksim"]
[Black "Pomerantz, Daniel"]
[Result "0-1"]
[WhiteElo "1878"]
[BlackElo "2067"]
[WhiteFideId "-1"]
[WhiteFideId "-1"]
[PlyCount "78"]
[GameId "2191559371907793"]
[EventDate "2025.06.19"]
[EventType "swiss"]
[EventRounds "5"]
[EventCountry "CAN"]

1. e4 e5 2. Nf3 Nc6 3. Bc4 Nf6 4. d3 Bc5 5. Nc3 a6 6. a3 d6 7. h3 h6 8. Be3 Bxe3 9. fxe3 O-O 10. O-O Ne7 11. Qe1 Be6 12. Ba2 Bxa2 13. Nxa2 Ng6 14. Nh4 Nxh4 15. Qxh4 d5 16. Nc3 dxe4 17. Nxe4 Nxe4 18. Qxe4 Qd6 19. Rf5 f6 20. b4 c6 21. d4 exd4 22. Rd1 Rfe8 23. Qd3 Qe6 24. exd4 Qe3+ 25. Kh1 Qxd3 26. Rxd3 Re2 27. c4 Rc2 28. c5 Re8 29. d5 Re1+ 30. Kh2 Ree2 31. Rg3 cxd5 32. Rxd5 Rcd2 33. Rf5 Kf7 34. Rff3 g6 35. Rc3 h5 36. c6 h4 37. Rg4 bxc6 38. Rxc6 g5 39. Rxa6 Re1 0-1